00855nam a2200253 i 4500001001000000003000900010005001700019007000300036008004100039020001800080040003000098082002000128100005500148245007500203250002200278264004900300300002600349336002700375337003300402338002800435500007000463500003500533504003300568000047275DO-SdBNP20250508094640.0ta180426s2017 dr r 000 0 spa d a9789945609011 aDO-SdBNPbspacBNPHUerda axxxxbA347r2221 aAlcántara Almánzar, Joséd1946-eautor4aut.10aReflejos del siglo veinte dominicano /cJosé Alcántara Almánzar. aPrimera edición 1aSanto Domingo :bEditorial Santuario,c2017. a314 páginasc23 cm. atextobtxt2rdacontent asin mediaciónbn2rdamedia avolumenbnc2rdacarrier aIncluye datos biográficos del autor en la solapa de la cubierta aIncluye índice onomástico. aBibliografía : p. 277-296.